DC Franchises - Statistics

General Stats
  • This quiz has been taken 40 times
    17 since last reset
  • The average score is 8 of 10
Answer Stats
Hint Movie Franchise % Correct
1989-1997 Batman
100%
1978-2006 Superman
100%
2022-2027 The Batman
100%
2017-2020 Wonder Woman
93%
2018-2023 Aquaman
86%
2016-2021 Suicide Squad
79%
2019-2024 Joker
64%
2019-2023 Shazam!
50%
2005-2012 The Dark Knight
50%
1982-1989 Swamp Thing
29%
No matching quizzes found
Score Distribution
Percent of People with Each Score
Percentile by Number Answered
Your Score History
You have not taken this quiz since the last reset